Maryland Superlatives - Statistics

General Stats
  • This quiz has been taken 16 times
  • The average score is 5 of 13
Answer Stats
Hint Answer % Correct
Largest City Baltimore
92%
Busiest Airport Baltimore-Washington International Thurgood Marshall Airport
54%
Largest County (Population) Montgomery
54%
First European settlement St. Mary's City
54%
All-Time Highest Recorded Temperature (°F) 109°F (Cumberland)
46%
Largest County (Area) Dorchester (total) / Frederick (land)
38%
Longest River Susquehanna
38%
Oldest continuously inhabited settlement Annapolis
31%
Largest Island Kent Island
31%
All-Time Lowest Recorded Temperature (°F) -40°F (Oakland)
23%
Highest Point Hoye-Crest on Backbone Mountain
15%
Largest Lake Prettyboy Reservoir
0%
Largest four-year college or university campus (by total enrollment, online and in person) University of Maryland Global Campus
0%
No matching quizzes found
Score Distribution
Percent of People with Each Score
Percentile by Number Answered
Your Score History
You have not taken this quiz